000 00702cam a2200193 i 4500
005 20251108172937.0
008 250721s2004 ua gr 000 0 ara d
020 _a9775283639
082 1 4 _a410
_bب ح ي
100 1 _aبحيري، سعيد حسن
_eمؤلف.
245 1 2 _aالمدخل إلى مصادر اللغة العربية /
_cتأليف الأستاذ الدكتور سعيد حسن بحيري.
250 _aالطبعة الثانية.
264 1 _aالقاهرة :
_bمؤسسة المختار للنشر والتوزيع،
_c2004.
300 _a365 صفحة.
650 1 7 _aاللغة العربية.
650 1 7 _aالفلسفة.
942 _2ddc
_cBK
999 _c92414
_d92414